De Clodion le Chevelu au Roi Soleil : Révisez l'histoire de France à partir des surnoms des rois et des reines (notice n° 1925773)

détails MARC
000 -LEADER
fixed length control field 01646cam a2200133 4500500
005 - DATE AND TIME OF LATEST TRANSACTION
control field 20260329023239.0
041 ## - LANGUAGE CODE
Language code of text/sound track or separate title fre
042 ## - AUTHENTICATION CODE
Authentication code dc
100 10 - MAIN ENTRY--PERSONAL NAME
Personal name Lemagnent, Cédric
Relator term author
245 00 - TITLE STATEMENT
Title De Clodion le Chevelu au Roi Soleil : Révisez l'histoire de France à partir des surnoms des rois et des reines
260 ## - PUBLICATION, DISTRIBUTION, ETC.
Name of publisher, distributor, etc. Armand Colin,<br/>
Date of publication, distribution, etc. 2020.<br/>
520 ## - SUMMARY, ETC.
Summary, etc. De l’école primaire à la Terminale, il nous est arrivé de croiser dans nos cours d’histoire des rois et des reines de France. Cependant, si l’on a bien assimilé qu’Henri IV aimait courir la gueuse, que Clovis avait cassé son vase à Soissons ou que François Ier avait remporté la bataille de Marignan, on n’a en revanche jamais eu d’explication quant aux surnoms dont certains d’entre eux ont été affublés : pourquoi Louis le Gros, pourquoi Berthe aux grands pieds ou autre Pépin le bref ? Les manuels d’histoire ne nous renseignent guère sur l’attribution de ces surnoms, qu’ils soient péjoratifs ou au contraire nimbés de gloire. L’auteur propose donc de revisiter l’histoire de France à travers ce prisme en passant en revue toutes les dynasties royales, des Mérovingiens aux Orléans. A travers ces surnoms, c’est la photographie d’une époque qui nous est offerte. D’où venaient ces surnoms ? D’un biographe contemporain ?  Des sujets de Sa Majesté ? Une manière originale et ludique de dresser un tableau sociologique de la France, des premiers rois chrétiens aux derniers souverains.
856 41 - ELECTRONIC LOCATION AND ACCESS
Uniform Resource Identifier <a href="https://shs.cairn.info/de-clodion-le-chevelu-au-roi-soleil--9782200626938?lang=fr&redirect-ssocas=7080">https://shs.cairn.info/de-clodion-le-chevelu-au-roi-soleil--9782200626938?lang=fr&redirect-ssocas=7080</a>

Pas d'exemplaire disponible.

PLUDOC

PLUDOC est la plateforme unique et centralisée de gestion des bibliothèques physiques et numériques de Guinée administré par le CEDUST. Elle est la plus grande base de données de ressources documentaires pour les Étudiants, Enseignants chercheurs et Chercheurs de Guinée.

Adresse

627 919 101/664 919 101

25 boulevard du commerce
Kaloum, Conakry, Guinée

Réseaux sociaux

Powered by Netsen Group @ 2025